00996nam a2200265Ia 4500003000400000005001700004008004100021020001500062040001800077041000800095082002200103100003000125245010900155250001200264260004900276300003200325650004400357650004600401650003100447700003000478700003100508942002900539999001900568952014300587OSt20220218144950.0210716s1993 xx 000 0 und d a0314012443 cAIMIT LIBRARY aeng a519.5 25thbANDD aAnderson, David R.920957 aStatistics for business and economics /cBy David R. Anderson; Dennis J. Sweeney and Thomas A. Williams. a5th ed. aNew York :bWest publishing company ,c1993. axxviii,851,I-12p. ;c26 cm. aTabular and graphical approaches920958 aDiscrete probability distributions920959 aInterval estimation920960 aSweeney, Dennis J.920961 aWilliams, Thomas A.920962 2ddccBKe5thk519.5 ANDD c206396d206396 00102ddc40708MBAaAIMITbAIMITd2011-02-14iBill no:; Bill dt:1900-01-00l0o519.5 ANDDpMBA08962r2026-05-23 00:00:00w2021-07-16yBK